Essentials of pharmacology for health professions / (Record no. 363062)
[ view plain ]
| 000 -LEADER | |
|---|---|
| fixed length control field | 00515nam a2200145Ia 4500 |
| 008 - FIXED-LENGTH DATA ELEMENTS--GENERAL INFORMATION | |
| fixed length control field | 200302s9999 xx 000 0 und d |
| 020 ## - INTERNATIONAL STANDARD BOOK NUMBER | |
| International Standard Book Number | 9789814853941 |
| 100 ## - MAIN ENTRY--PERSONAL NAME | |
| Personal name | Colbert, Bruce |
| 245 ## - TITLE STATEMENT | |
| Statement of responsibility, etc | Bruce Colbert, Ruth Woodrow.-- |
| Title | Essentials of pharmacology for health professions / |
| 250 ## - EDITION STATEMENT | |
| Edition statement | 8th |
| 260 ## - PUBLICATION, DISTRIBUTION, ETC. (IMPRINT) | |
| Place of publication, distribution, etc | Singapore: |
| Name of publisher, distributor, etc | Cengage Learning Asia Pte Ltd |
| Date of publication, distribution, etc | 2019 |
| 300 ## - PHYSICAL DESCRIPTION | |
| Extent | xxiii, 629 pages : |
| Other physical details | black and white illustrations; |
| 650 ## - SUBJECT ADDED ENTRY--TOPICAL TERM | |
| Topical term or geographic name as entry element | Pharmacology. |
| 650 ## - SUBJECT ADDED ENTRY--TOPICAL TERM | |
| Topical term or geographic name as entry element | Pharmacology -- Examinations, questions, etc. |
| Withdrawn status | Lost status | Damaged status | Home library | Current library | Shelving location | Date acquired | Total Checkouts | Full call number | Barcode | Date last seen | Price effective from | Koha item type | Source of classification or shelving scheme | Source of acquisition |
|---|---|---|---|---|---|---|---|---|---|---|---|---|---|---|
| South SEED-LPDH College Library | South SEED-LPDH College Library | South SEED-LPDH College Section | 03/02/2020 | RM 300 .C684 2019 | SSLC1906 | 03/02/2020 | 03/02/2020 | Books | ||||||
| South SEED-LPDH College Library | South SEED-LPDH College Library | 03/04/2020 | RM 300 .C684 2019 | SSLC1917 | 03/04/2020 | 03/04/2020 | Books | Library of Congress Classification | Donation |